[Event "Mistrzostwa Woj. Podkarpackiego w szacha"]
[Site "Pstragowa"]
[Date "2015.??.??"]
[Round "5.1"]
[White "Pulik, Krzysztof"]
[Black "Nowakowski, Jacek"]
[Result "1-0"]
[WhiteElo "2117"]
[BlackElo "1677"]
[PlyCount "59"]
[EventDate "2015.??.??"]

1. e4 c5 2. c3 d6 3. d4 cxd4 4. cxd4 e6 5. Nc3 Nc6 6. Nf3 Nf6 7. Bd3 Qb6 8. O-O
Be7 9. e5 Nd7 10. exd6 Bxd6 11. d5 Nd8 12. Ng5 Nf6 13. Bb5+ Ke7 14. Re1 a6 15.
Ba4 Qb4 16. Nge4 Nxe4 17. Rxe4 Qa5 18. b4 Qc7 19. Bb2 e5 20. Qh5 f5 21. Re3 g6
22. Qe2 Nf7 23. f4 Kf6 24. Re1 b5 25. Nxb5 axb5 26. fxe5+ Bxe5 27. Rxe5 Qb6+
28. Kh1 Nxe5 29. Qxe5+ Kf7 30. Qg7# 1-0

[Event "Mistrzostwa Woj. Podkarpackiego w szacha"]
[Site "Pstragowa"]
[Date "2015.??.??"]
[Round "5.2"]
[White "Mis, Mieszko"]
[Black "Gaj, Szymon"]
[Result "1-0"]
[WhiteElo "1819"]
[BlackElo "1753"]
[PlyCount "91"]
[EventDate "2015.??.??"]

1. e4 c5 2. Nf3 d6 3. d4 cxd4 4. Qxd4 Nc6 5. Bb5 Bd7 6. Bxc6 Bxc6 7. Nc3 Nf6 8.
Bg5 e6 9. O-O-O Be7 10. Qd3 O-O 11. Nd4 Qa5 12. f4 Rfe8 13. h4 Ng4 14. Qg3 h5
15. Nxc6 bxc6 16. Bxe7 Rxe7 17. Rxd6 Qb6 18. Rhd1 Rb7 19. Na4 Qb4 20. Qb3 Nf2
21. Qxb4 Rxb4 22. R1d4 Nxe4 23. Rd8+ Rxd8 24. Rxb4 Nf2 25. Nc3 Ng4 26. Re4 Kf8
27. Ra4 Rd7 28. Ra6 Ne3 29. g3 Nf1 30. Ne2 Rd2 31. Nc3 Rh2 32. Rxa7 Nxg3 33. a4
Rxh4 34. a5 Rh1+ 35. Nd1 h4 36. Rd7 Ke8 37. Rd2 Rf1 38. a6 Rxf4 39. b3 Rf5 40.
b4 Ne2+ 41. Rxe2 Rd5 42. Rd2 h3 43. a7 Rxd2 44. Kxd2 h2 45. a8=Q+ Ke7 46. Qxc6
1-0

[Event "Mistrzostwa Woj. Podkarpackiego w szacha"]
[Site "Pstragowa"]
[Date "2015.??.??"]
[Round "5.3"]
[White "Babiarz, Mariusz"]
[Black "Kucharski, Bartlomiej"]
[Result "1-0"]
[WhiteElo "1912"]
[BlackElo "1454"]
[PlyCount "91"]
[EventDate "2015.??.??"]

1. c4 Nf6 2. Nc3 g6 3. e4 d6 4. g3 Bg7 5. Bg2 O-O 6. Nge2 e5 7. d3 Nc6 8. O-O
Nh5 9. Nd5 f5 10. exf5 Bxf5 11. Nec3 Nf6 12. h3 Be6 13. Be3 Bxd5 14. Nxd5 Nxd5
15. Bxd5+ Kh8 16. Rb1 Rc8 17. Bg2 a6 18. b4 Ne7 19. g4 Rb8 20. Qd2 c6 21. a4
Qd7 22. d4 exd4 23. Bxd4 d5 24. Bxg7+ Kxg7 25. Qd4+ Kg8 26. b5 axb5 27. axb5
Rfd8 28. cxd5 cxd5 29. Rfd1 Rbc8 30. Re1 Qd6 31. Rxe7 Qxe7 32. Bxd5+ Rxd5 33.
Qxd5+ Kf8 34. Qd4 Kg8 35. Kg2 Rd8 36. Qe3 Qd7 37. b6 Qd5+ 38. Qf3 Qd7 39. Rc1
Rf8 40. Qb3+ Qf7 41. Qxf7+ Rxf7 42. Rc7 Kf8 43. Rxf7+ Kxf7 44. Kf3 Ke6 45. Ke4
Kd6 46. f4 1-0

[Event "Mistrzostwa Woj. Podkarpackiego w szacha"]
[Site "Pstragowa"]
[Date "2015.??.??"]
[Round "5.4"]
[White "Swiech, Joanna"]
[Black "Kozubal, Aleksandra"]
[Result "1-0"]
[WhiteElo "1729"]
[BlackElo "1554"]
[PlyCount "109"]
[EventDate "2015.??.??"]

1. c4 e5 2. g3 Nf6 3. Bg2 Nc6 4. Nc3 Bc5 5. d3 O-O 6. Nf3 d6 7. O-O Be6 8. b3
Qd7 9. Re1 a6 10. Bb2 h6 11. e3 Bg4 12. Nd5 Nxd5 13. cxd5 Ne7 14. Qc2 Ba7 15.
Nd2 f5 16. Rac1 Rac8 17. h3 Bh5 18. Qc4 b5 19. Qc3 Rf7 20. Rc2 f4 21. exf4 exf4
22. g4 Bxg4 23. hxg4 Qxg4 24. d4 Nxd5 25. Qh3 Qf5 26. Qxf5 Rxf5 27. Bh3 Rg5+
28. Kf1 Nb4 29. Bxc8 Nxc2 30. Re4 Nb4 31. Nf3 Rh5 32. Kg2 Kh8 33. Bg4 Rd5 34.
Rxf4 Nd3 35. Rf8+ Kh7 36. Be6 Rh5 37. Bg8+ Kg6 38. Bf7+ Kh7 39. Bxh5 Nxb2 40.
Ra8 Bb6 41. Rxa6 Nd3 42. Bg4 Nf4+ 43. Kf1 g5 44. Ra8 Kg7 45. Bd7 b4 46. Ra4 c5
47. Ra6 Bd8 48. Rxd6 Be7 49. Rb6 Nd3 50. Re6 Bf8 51. Rc6 cxd4 52. Nxd4 Ne5 53.
Rc7 Nxd7 54. Rxd7+ Kf6 55. Nc2 1-0

[Event "Mistrzostwa Woj. Podkarpackiego w szacha"]
[Site "Pstragowa"]
[Date "2015.??.??"]
[Round "5.5"]
[White "Czopor, Maciej"]
[Black "Jurkiewicz, Zuzanna"]
[Result "1-0"]
[WhiteElo "1714"]
[BlackElo "1457"]
[PlyCount "73"]
[EventDate "2015.??.??"]

1. e4 c5 2. Nf3 e6 3. d4 cxd4 4. Nxd4 a6 5. Nc3 Qc7 6. Be3 Nf6 7. f3 g6 8. Qd2
Bg7 9. O-O-O Nc6 10. g4 Rb8 11. h4 h5 12. g5 Ng8 13. Kb1 Nge7 14. Bh3 O-O 15.
Rhf1 Nxd4 16. Bxd4 Nc6 17. Bc5 Re8 18. Bd6 Qb6 19. Bxb8 Nxb8 20. f4 Nc6 21. e5
Na5 22. Qf2 Qc7 23. Ne4 b5 24. Qc5 Qxc5 25. Nxc5 Rd8 26. Bg2 Bf8 27. Ne4 Nc4
28. Rd3 Be7 29. b3 Nb6 30. Nd6 Kf8 31. Rfd1 b4 32. c4 bxc3 33. Rxc3 Bxd6 34.
Rxd6 Nd5 35. Bxd5 exd5 36. Rc7 Ke7 37. Kc2 1-0

[Event "Mistrzostwa Woj. Podkarpackiego w szacha"]
[Site "Pstragowa"]
[Date "2015.??.??"]
[Round "5.6"]
[White "Wasik, Roman"]
[Black "Dzwierzynski, Bartosz"]
[Result "0-1"]
[WhiteElo "1551"]
[BlackElo "1411"]
[PlyCount "84"]
[EventDate "2015.??.??"]

1. Nf3 d5 2. d4 e6 3. c4 f5 4. cxd5 exd5 5. Nc3 Nf6 6. Bg5 c6 7. e3 Bd6 8. Be2
O-O 9. Qc2 Be6 10. Bh4 h6 11. Ne5 Nbd7 12. Ng6 Re8 13. f4 Qc7 14. h3 Ne4 15.
Nxe4 dxe4 16. g4 Bb4+ 17. Kf2 fxg4 18. Bxg4 Bxg4 19. hxg4 c5 20. g5 Rac8 21.
Rac1 Qd6 22. Qc4+ Kh7 23. gxh6 cxd4 24. Qf7 dxe3+ 25. Kg2 Qxg6+ 26. Qxg6+ Kxg6
27. Rcg1 gxh6 28. Kf1+ Kh7 29. Ke2 Rc2+ 30. Kd1 Rd2+ 31. Kc1 Rc8+ 32. Kb1 Rcc2
33. Ka1 Rxb2 34. Be1 Rxa2+ 35. Kb1 Rdb2+ 36. Kc1 Bd2+ 37. Bxd2 exd2+ 38. Kd1
Ra1+ 39. Ke2 Rxg1 40. Rxg1 d1=Q+ 41. Kxd1 Rb1+ 42. Ke2 Rxg1 0-1

[Event "Mistrzostwa Woj. Podkarpackiego w szacha"]
[Site "Pstragowa"]
[Date "2015.??.??"]
[Round "5.7"]
[White "Czernikowska, Laura"]
[Black "Babiarz, Arkadiusz"]
[Result "0-1"]
[WhiteElo "1175"]
[BlackElo "1471"]
[PlyCount "98"]
[EventDate "2015.??.??"]

1. d4 d5 2. c4 dxc4 3. e3 e6 4. Nf3 a6 5. Bxc4 b5 6. Bb3 Nf6 7. O-O Bb7 8. a3
c5 9. dxc5 Qc7 10. Nc3 Bxc5 11. Re1 Nc6 12. Ba2 O-O 13. b4 Ba7 14. Bb2 Rfd8 15.
Qb3 Rac8 16. Rac1 Bb8 17. Ne2 Qe7 18. Ng3 Nd5 19. Red1 Nf6 20. Rxd8+ Rxd8 21.
Rd1 Na7 22. Bb1 Rxd1+ 23. Qxd1 Bd5 24. Qc2 e5 25. Qc3 Nc6 26. e4 Bc4 27. h3 Qd6
28. Qc2 Nd4 29. Nxd4 exd4 30. Qd2 d3 31. Bxf6 gxf6 32. Nf1 Qd4 33. Qe3 Be5 34.
Nh2 Qxe3 35. fxe3 Bb2 36. Kf2 Bxa3 37. Ke1 Bxb4+ 38. Kf2 a5 39. Nf3 a4 40. Nd4
a3 41. Nc6 Bc3 42. Ne7+ Kf8 43. Nc6 a2 44. Bxa2 Bxa2 45. Na7 Bc4 46. Nc6 d2 47.
Nb8 d1=Q 48. Na6 Be1+ 49. Kg1 Bg3# 0-1